Göttinger Album Curonorum 1959 - 2017

Titel: Göttinger Album Curonorum 1959 - 2017 : 200 Lebensläufe / bearbeitet von Dr. H.-D. Handrack ; Herausgegeben im Auftrag des Philister-Verbandes der Curonia Goettingensis
Beteiligt:
Veröffentlicht: Northeim : ERNST Druck & Medien, 2018
Umfang: 219 Seiten : Illustrationen
Format: Buch
Sprache: Deutsch
Schlagworte:
Kein Bild verfügbar
X
alg: 44012768
001A    $03004:19-12-18 
001B    $03004:21-01-19 $t16:47:19.000 
001D    $03004:21-01-19 
001U    $0utf8 
001X    $00 
002@    $0Aau 
002C    $aText $btxt $2rdacontent 
002D    $aohne Hilfsmittel zu benutzen $bn $2rdamedia 
002E    $aBand $bnc $2rdacarrier 
003@    $0440127688 
007A    $01042008418 $aGBV 
010@    $ager 
010E    $erda 
011@    $a2018 $n2018 
013D    $RBiograf $RLebenslauf $RBiografik $#Biographies $#Biography $#Biographies -- Histoire et critique $#Biographie $#Biographisches Nachschlagewerk $#Lebensbeschreibung $#Berühmte Persönlichkeit Biografie $#Biografisches Nachschlagewerk $74006804-3 $8Biografie [Ts1] $9085010375 $y1959-2017 
021A    $aGöttinger Album Curonorum 1959 - 2017 $d200 Lebensläufe $hbearbeitet von Dr. H.-D. Handrack ; Herausgegeben im Auftrag des Philister-Verbandes der Curonia Goettingensis 
028C    $BHerausgeber $#Handrack, H. D. $4edt $71141626322 $8Handrack, Hans-Dieter$Z1942- [Tp1] $941786079X 
033A    $pNortheim $nERNST Druck & Medien 
034D    $a219 Seiten 
034M    $aIllustrationen 
044K    $#Göttingen $#Gëttingen $#Gotingē $#Gottingen $#Gutingi $#Gettingen $#Stadt Göttingen $#Götingen $#Gottinga $#Goddinga $#Gothinga $#Goettinga $74021477-1 $8Göttingen [Tg1] $9085052493 
044K    $RMännerbund $RStudentenvereinigung $RCouleurstudent $RDamenverbindung $#Étudiants Associations $#Studentenverbindung $#Korporation Student $#Korporierter $#Studentenkorporation $#Studentische Korporation $#Studentische Verbindung $#Verbindung Student $#Hochschulverbindung $#Hochschülerverbindung $#Akademische Verbindung $74058178-0 $8Studentenverbindung [Ts1] $9085161438 
045F    $a370.9435909045 $eDDC23BSB 
045F/01 $a370.9 
045F/03 $f09045 
045F/03 $f090512 
045F/03 $g4359 

lok: 44012768 24

exp: 44012768 24 1 #EPN
201B/01 $021-01-19 $t16:46:20.000 
201C/01 $020-12-18 
201U/01 $0utf8 
203@/01 $01037128370 
208@/01 $a21-01-19 $bz 
209A/01 $a18.09335 $du $f050 $h18 09335 $x00 
209C/01 $a18.09335 G $h18 09335 G 
209G/01 $a74147569 $x00 
220C/01 $abar/hae 
247C/01 $8358050-7 Marburg, Bibliothek des Herder-Instituts Marburg $9102600961
LEADER 00000cam a2200000 c 4500
001 440127688
003 DE-603
005 20190121164719.0
007 tu
008 181219s2018 xx |||| | u00||u|ger c
035 |a (DE-599)GBV1042008418 
040 |a DE-603  |b ger  |c DE-603  |d DE-603  |e rda 
041 |a ger 
082 0 4 |8 1\u  |a 370.9435909045  |q DE-101  |2 23/BSB 
085 |8 1\u  |b 370.9 
085 |8 1\u  |z 1  |s 09045 
085 |8 1\u  |z 1  |s 090512 
085 |8 1\u  |z 2  |s 4359 
245 0 0 |a Göttinger Album Curonorum 1959 - 2017  |b 200 Lebensläufe  |c bearbeitet von Dr. H.-D. Handrack ; Herausgegeben im Auftrag des Philister-Verbandes der Curonia Goettingensis 
264 1 |a Northeim  |b ERNST Druck & Medien  |c 2018 
300 |a 219 Seiten  |b Illustrationen 
336 |a Text  |b txt  |2 rdacontent 
337 |a ohne Hilfsmittel zu benutzen  |b n  |2 rdamedia 
338 |a Band  |b nc  |2 rdacarrier 
650 7 |a Studentenverbindung  |0 (DE-588)4058178-0  |0 (DE-603)085161438  |2 gnd 
651 7 |a Göttingen  |0 (DE-588)4021477-1  |0 (DE-603)085052493  |2 gnd 
655 7 |a Biografie  |y 1959-2017  |2 gnd-content  |0 (DE-588)4006804-3  |0 (DE-603)085010375 
700 1 |a Handrack, Hans-Dieter  |d 1942-  |e Herausgeber  |4 edt  |0 (DE-603)41786079X  |0 (DE-588)1141626322  |2 gnd 
924 0 |9 Mb 50  |a (DE-603)1037128370  |b DE-Mb50  |c HES  |d c  |g 18.09335